| 000 | 00391nam a2200169 4500 | ||
|---|---|---|---|
| 008 | 190603s2004||||CZ d | ||
| 100 | 1 |
_aRerichová Helena _91169 |
|
| 245 | 1 | 0 | _aTajemné vlastnosti predmetu |
| 020 |
_a8089115586 _c0 |
||
| 260 |
_bEugenika _c2004 _aPraha |
||
| 250 | _a1.vydanie | ||
| 300 | _a204 s. | ||
| 041 | 1 | _acze | |
| 044 | _aCZ | ||
| 958 | _aAZN | ||
| 958 | _aA | ||
| 999 |
_c22476 _d22476 |
||